| 000 -LEADER |
| fixed length control field |
01192 a2200301 4500 |
| 003 - CONTROL NUMBER IDENTIFIER |
| control field |
OSt |
| 005 - DATE AND TIME OF LATEST TRANSACTION |
| control field |
20180116192342.0 |
| 008 - FIXED-LENGTH DATA ELEMENTS--GENERAL INFORMATION |
| fixed length control field |
120529t xxu||||| |||| 00| 0 eng d |
| 010 ## - LIBRARY OF CONGRESS CONTROL NUMBER |
| LC control number |
2003055948 |
| 020 ## - INTERNATIONAL STANDARD BOOK NUMBER |
| International Standard Book Number |
0521781876 (hardback) |
| 020 ## - INTERNATIONAL STANDARD BOOK NUMBER |
| International Standard Book Number |
9780521139540 |
| 035 ## - SYSTEM CONTROL NUMBER |
| System control number |
(OCoLC)ocm53013331 |
| 040 ## - CATALOGING SOURCE |
| Transcribing agency |
0 |
| 082 00 - DEWEY DECIMAL CLASSIFICATION NUMBER |
| Classification number |
709.22 |
| 100 1# - MAIN ENTRY--PERSONAL NAME |
| Personal name |
Bellori, Giovanni Pietro, |
| 9 (RLIN) |
2372 |
| 245 14 - TITLE STATEMENT |
| Title |
The lives of the modern painters, sculptors and architects / |
| Statement of responsibility, etc. |
Giovan Pietro Bellori ; translated by Alice Sedgwick Wohl ; notes by Hellmut Wohl ; introduction by Tomaso Montanari. |
| 250 ## - EDITION STATEMENT |
| Edition statement |
New translation and critical ed. |
| 260 ## - PUBLICATION, DISTRIBUTION, ETC. |
| Place of publication, distribution, etc. |
New York : |
| Name of publisher, distributor, etc. |
Cambridge University Press, |
| Date of publication, distribution, etc. |
2005. |
| 300 ## - PHYSICAL DESCRIPTION |
| Extent |
xii, 504 p. : |
| Other physical details |
ill. ; |
| Dimensions |
29 cm. |
| 650 #0 - SUBJECT ADDED ENTRY--TOPICAL TERM |
| Topical term or geographic name entry element |
Artists |
| Geographic subdivision |
Europe |
| 9 (RLIN) |
2373 |
| 650 #0 - SUBJECT ADDED ENTRY--TOPICAL TERM |
| Topical term or geographic name entry element |
Artists |
| Geographic subdivision |
Italy |
| 9 (RLIN) |
2374 |
| 650 #0 - SUBJECT ADDED ENTRY--TOPICAL TERM |
| Topical term or geographic name entry element |
Art, European |
| Chronological subdivision |
17th century |
| 9 (RLIN) |
2375 |
| 700 1# - ADDED ENTRY--PERSONAL NAME |
| Personal name |
Wohl, Hellmut. |
| 9 (RLIN) |
2376 |
| 856 42 - ELECTRONIC LOCATION AND ACCESS |
| Materials specified |
Publisher description |
| Uniform Resource Identifier |
<a href="http://www.loc.gov/catdir/description/cam041/2003055948.html">http://www.loc.gov/catdir/description/cam041/2003055948.html</a> |
| 856 42 - ELECTRONIC LOCATION AND ACCESS |
| Materials specified |
Table of contents |
| Uniform Resource Identifier |
<a href="http://www.loc.gov/catdir/toc/cam041/2003055948.html">http://www.loc.gov/catdir/toc/cam041/2003055948.html</a> |
| 942 ## - ADDED ENTRY ELEMENTS (KOHA) |
| Institution code [OBSOLETE] |
SADA |
| Koha item type |
Book |
| Call number prefix |
709.22 BEL 2005 |
| Source of classification or shelving scheme |
|